[Event "Bundesliga 9091"]
[Site "Germany"]
[Date "1991.??.??"]
[Round "?"]
[White "Thesing, Matthias"]
[Black "Bialas, Wolfram"]
[Result "1-0"]
[WhiteElo "2380"]
[BlackElo "2360"]

1.e4 d6 2.d4 Nf6 3.Nc3 c6 4.Nf3 g6 5.h3 Bg7 6.a4 a5 7.Be3 Na6 8.Be2 Nb4 9.O-O O-O
10.Qd2 Qc7 11.Rad1 Re8 12.Rfe1 e5 13.dxe5 dxe5 14.Bc5 Nh5 15.Bf1 Bf8 16.Bxf8 Rxf8
17.Qh6 Nxc2 18.Ng5 Nf6 19.Re2 Nb4 20.Red2 Be6 21.f4 exf4 22.Rd6 Qb6+ 23.Kh1 Qc5
24.Rxe6 fxe6 25.Rd7  1-0

[Event "Goch op"]
[Site "Goch"]
[Date "1991.??.??"]
[Round "5"]
[White "Anka, Emil"]
[Black "Dobosz, Henryk"]
[Result "1/2-1/2"]
[WhiteElo "2350"]
[BlackElo "2410"]

1.e4 d6 2.d4 Nf6 3.Nc3 c6 4.Nf3 Bg4 5.h3 Bh5 6.Bd3 e6 7.g4 Bg6 8.Qe2 Be7
9.Bd2 d5 10.e5 Nfd7 11.Bxg6 hxg6 12.h4 c5 13.dxc5 Nc6 14.O-O-O Nxc5 15.Bg5 a6
16.Kb1 Bxg5 17.Nxg5 Qe7 18.f4 O-O-O 19.Qf2 f6 20.exf6 gxf6 21.Nf3 Ne4 22.Qe3 f5
23.gxf5 gxf5 24.Ne2 Kb8 25.a3 Rc8 26.Rhg1 Rc7 27.Ned4 Rhc8 28.Nxc6+ Rxc6
29.Rg2 Qc7  1/2-1/2

[Event "Graz"]
[Site "Graz"]
[Date "1991.??.??"]
[Round "4"]
[White "Brunner, Lucas"]
[Black "Mokry, Karel"]
[Result "1/2-1/2"]
[WhiteElo "2460"]
[BlackElo "2510"]

1.e4 d6 2.d4 Nf6 3.Nc3 c6 4.f4 Qa5 5.Bd2 e5 6.dxe5 dxe5 7.Nd5 Qd8 8.Nxf6+ Qxf6
9.Nf3 exf4 10.e5 Qh6 11.g3 Bg4 12.Bxf4 Qg6 13.Bg2 Qe4+ 14.Qe2 Qxe2+ 15.Kxe2 Na6
16.Rhd1 Nc7 17.h3 Bxf3+ 18.Bxf3 Ne6 19.Bg4 Be7 20.Rd2 h5 21.Bxe6 fxe6 22.Rad1 Rd8
23.Be3 a6 24.Rxd8+ Bxd8 25.Bc5 Be7 26.Bxe7 Kxe7 27.a4 Rf8 28.Rd4 Rf5 29.Re4 a5
30.b4 axb4 31.g4 hxg4 32.hxg4 Rf7 33.Rxb4 Kd8 34.Ke3 g5 35.a5 Kc7 36.Rd4 Rf1
37.Rd6 Re1+ 38.Kd4 c5+ 39.Kc4 Rxe5 40.Rb6 Re2 41.c3 Re3 42.Kb5 Rxc3 43.Rxe6 Rg3
44.Kxc5 Rxg4 45.Rg6 Rg1  1/2-1/2

[Event "Graz"]
[Site "Graz"]
[Date "1991.??.??"]
[Round "8"]
[White "Lendwai, Reinhard"]
[Black "Mokry, Karel"]
[Result "0-1"]
[WhiteElo "2405"]
[BlackElo "2510"]

1.e4 d6 2.d4 Nf6 3.Nc3 c6 4.Bg5 b5 5.f3 Nbd7 6.d5 b4 7.dxc6 bxc3 8.cxd7+ Bxd7
9.b3 Qa5 10.Be3 Bc6 11.a4 e5 12.Bc4 d5 13.exd5 Nxd5 14.Bxd5 Bxd5 15.Qd3 Bc6
16.Ne2 Bb4 17.Qc4 Bd7 18.Rd1 Rc8 19.Qd5 Qc7 20.O-O Bc6 21.Qc4 Qb7 22.Qg4 O-O
23.Ng3 g6 24.Nf5 Rfe8 25.Nd6 Bxd6 26.Rxd6 Qe7 27.Rfd1 Rcd8 28.Qb4 Rxd6 29.Rxd6 Ba8
30.Qc5 e4 31.f4 h5 32.f5 gxf5 33.Qd4 f4 34.Bxf4 e3 35.Bxe3 Qb7 36.Kf2 Qxg2+
37.Ke1 Qh1+ 38.Ke2 Qf3+ 39.Ke1 Rxe3+  0-1

[Event "Gyor-J"]
[Site "Gyor"]
[Date "1991.??.??"]
[Round "?"]
[White "Lorenz, Robin"]
[Black "Belikov, Vladimir"]
[Result "0-1"]
[WhiteElo "2235"]
[BlackElo "2385"]

1.e4 d6 2.d4 Nf6 3.Nc3 c6 4.Nf3 Bg4 5.Be2 e6 6.Bg5 Be7 7.O-O d5 8.exd5 exd5
9.Re1 O-O 10.Ne5 Bxe2 11.Nxe2 Nfd7 12.Bxe7 Qxe7 13.Ng3 Qg5 14.Qd3 Qd8 15.Re3 Nxe5
16.dxe5 Nd7 17.Qd4 g6 18.Rae1 Qe7 19.e6 fxe6 20.Rxe6 Qc5 21.Qxc5 Nxc5 22.Re7 Rf7
23.f3 Na4 24.b3 Nc3 25.a4 Na2 26.R1e3 Kf8 27.Rxf7+ Kxf7 28.Ne2 Nb4 29.c3 Na6
30.b4 Nc7 31.Kf2 a5 32.bxa5 Rxa5 33.f4 Rxa4 34.g4 Ne6 35.Kf3 Nc5 36.h4 Ne4
37.h5 gxh5 38.gxh5 Kf6 39.Kg4 Rc4 40.Kf3 Kf5 41.Nd4+ Kf6 42.Ne2 Nd2+ 43.Kg4 Re4
44.Rxe4 Nxe4  0-1

[Event "Hannover"]
[Site "Hannover"]
[Date "1991.??.??"]
[Round "3"]
[White "Tischbierek, Raj"]
[Black "Wahls, Matthias"]
[Result "0-1"]
[WhiteElo "2500"]
[BlackElo "2560"]

1.e4 d6 2.d4 Nf6 3.Nc3 e5 4.Nf3 Nbd7 5.Bc4 Be7 6.O-O O-O 7.a4 a5 8.h3 Nb6
9.Ba2 exd4 10.Nxd4 Nfd7 11.Nd5 Nxd5 12.exd5 Bf6 13.c3 Re8 14.Bb1 Nc5 15.Bc2 Bd7
16.Nf3 Qc8 17.Be3 Bf5 18.Re1 Qd7 19.Qb1 Bg6 20.Bxg6 hxg6 21.Qc2 Rad8 22.Nd2 Re5
23.c4 Ree8 24.Nb3 Nxa4 25.Nxa5 Nxb2 26.Nxb7 Rb8 27.Na5 Qf5 28.Qxf5 gxf5 29.Reb1 Ra8
30.Ra3 Ra6 31.Bd2 Re2 32.Bb4 Rc2 33.Ra2 Bd4 34.Be1 f4 35.Kf1 g5 36.Ra3 Kh7
37.h4 g4 38.Ra2 f3 39.gxf3 gxf3 40.Ra3 Bb6 41.Ra2 Rxa5 42.Bxa5 Rxf2+ 43.Kg1 Rg2+
44.Kh1 Nxc4 45.Bxb6 Rxa2 46.Bd4 Rd2 47.Ba7 Ne5  0-1

[Event "Hartberg op"]
[Site "Hartberg"]
[Date "1991.??.??"]
[Round "6"]
[White "Ernst, Thomas"]
[Black "Smagin, Sergey"]
[Result "1/2-1/2"]
[WhiteElo "2500"]
[BlackElo "2550"]

1.e4 d6 2.d4 Nf6 3.Nc3 e5 4.Nf3 Nbd7 5.Bc4 Be7 6.O-O O-O 7.a4 c6 8.Qe2 exd4
9.Nxd4 Re8 10.Qd1 d5 11.exd5 Nb6 12.Bb3 Nbxd5 13.Nxd5 Nxd5 14.Re1  1/2-1/2

[Event "Hartberg op"]
[Site "Hartberg"]
[Date "1991.??.??"]
[Round "8"]
[White "Timoshenko, Georgy"]
[Black "Gofshtein, Leonid D"]
[Result "1-0"]
[WhiteElo "2475"]
[BlackElo "2440"]

1.d4 d6 2.e4 Nf6 3.Nc3 c6 4.Bg5 Nbd7 5.Nf3 e5 6.a4 Be7 7.Be2 O-O 8.O-O Re8
9.Re1 Qc7 10.Bf1 h6 11.Be3 Ng4 12.Bc1 Bf6 13.d5 Be7 14.a5 Ngf6 15.a6 Nb6
16.axb7 Bxb7 17.dxc6 Bxc6 18.Bb5 Rec8 19.Bxc6 Qxc6 20.Ra6 Qb7 21.Ra2 Rc4
22.Qd3 Rac8 23.Bd2 Ra8 24.Be3 Rcc8 25.Bxb6 Qxb6 26.Nd2 Qc6 27.Ra4 Nd7 28.Nd5 Qxa4
29.Nxe7+ Kh8 30.Nxc8 Rxc8 31.c4 Nc5 32.Qxd6 Qc2 33.Nf3 Nxe4 34.Qxe5 Rxc4
35.Qb8+ Kh7 36.Qxa7 f5 37.Qb6 Rc6 38.Qd4 Rd6 39.Qe3 Qxb2 40.Nh4 Qf6 41.Nf3  1-0

[Event "Helsinki op"]
[Site "Helsinki"]
[Date "1991.??.??"]
[Round "?"]
[White "Lehtivaara, Risto"]
[Black "Kanko, Ilkka"]
[Result "1-0"]
[WhiteElo "2295"]
[BlackElo "2310"]

1.e4 d6 2.d4 Nf6 3.Nc3 c6 4.f4 Qa5 5.Bd3 e5 6.Nf3 Bg4 7.dxe5 dxe5 8.f5 Bc5
9.Bd2 Qc7 10.h3 Bxf3 11.Qxf3 Nbd7 12.g4 h6 13.O-O-O O-O-O 14.Bc4 Nb6 15.Bb3 Rd7
16.Ne2 Rhd8 17.h4 Ne8 18.Ng3 Bf8 19.a4 Rd4 20.Bc3 Rxd1+ 21.Rxd1 Rxd1+ 22.Qxd1 Be7
23.a5 Nd7 24.Bxf7 Bxh4 25.Nh5 Bg5+ 26.Kb1 Nd6 27.Be6 Bf6 28.Nxf6 gxf6 29.Qh1 Kd8
30.Bd2 Nc5 31.Qxh6 Ncxe4 32.Qf8+ Ne8 33.Be1 Qd6 34.Qxd6+ N8xd6 35.Kc1 Ke7
36.Kd1 Ng5 37.Bb3 Nf3 38.Bf2 a6 39.Bc5 Nh2 40.g5 fxg5 41.f6+ Kxf6 42.Bxd6 g4
43.Ke2 g3 44.Ke3 Kf5 45.Bc4 g2 46.Kf2 Ng4+ 47.Kg1 Ne3 48.Bb3 Ke4 49.Bc5 Kf3
50.Bxe3 Kxe3 51.Be6 Kd2 52.Bc8 Kxc2 53.Bxb7 Kb3 54.Bxa6 Kb4 55.Bb7 Kxa5 56.Bxc6 Kb4
57.Bd5 Kc5 58.Bf7 Kd4 59.Kxg2 Kd3 60.b4  1-0

[Event "HUN-chT"]
[Site "HUN"]
[Date "1991.??.??"]
[Round "?"]
[White "Meszaros, Andras"]
[Black "Lako, Laszlo"]
[Result "1-0"]
[WhiteElo "2360"]
[BlackElo "2310"]

1.d4 Nf6 2.Nc3 d6 3.e4 c6 4.f4 Bg4 5.Be2 Bxe2 6.Qxe2 e6 7.Bd2 Be7 8.Nf3 a6
9.O-O-O b5 10.e5 dxe5 11.Nxe5 b4 12.Ne4 Qd5 13.Nxf6+ gxf6 14.Nc4 Nd7 15.Kb1 f5
16.Rhf1 a5 17.g4 a4 18.Ne3 Qe4 19.gxf5 b3 20.Rfe1 a3 21.axb3 axb2 22.Bc3 exf5
23.Nxf5 Qxe2 24.Rxe2 Ra1+ 25.Kxb2 Rxd1 26.Rxe7+ Kf8 27.Rxd7  1-0

[Event "Jurmala"]
[Site "Jurmala"]
[Date "1991.??.??"]
[Round "?"]
[White "Landa, Konstantin"]
[Black "Sokolov, Andrei"]
[Result "1/2-1/2"]
[WhiteElo "2460"]
[BlackElo "2360"]

1.d4 d6 2.e4 Nf6 3.Nc3 e5 4.Nf3 Nbd7 5.g3 c6 6.a4 g6 7.Bg2 Bg7 8.O-O O-O
9.Re1 Re8 10.h3 Qc7 11.Be3 b6 12.Nh2 Bb7 13.f4 a6 14.dxe5 dxe5 15.f5 b5 16.g4 Rad8
17.Qc1 Nb6 18.b3 b4 19.Ne2 c5 20.Ng3 Rd4 21.a5 Nc8 22.Bxd4 exd4 23.e5 Nd5
24.f6 Bf8 25.Bxd5 Bxd5 26.Qf4 Na7  1/2-1/2

[Event "Jurmala"]
[Site "Jurmala"]
[Date "1991.??.??"]
[Round "?"]
[White "Maljutin, Evgeni"]
[Black "Sokolov, Andrei"]
[Result "1/2-1/2"]
[WhiteElo "2385"]
[BlackElo "2360"]

1.d4 d6 2.e4 Nf6 3.Nc3 e5 4.dxe5 dxe5 5.Qxd8+ Kxd8 6.Nf3 Bd6 7.Bc4 Be6 8.Bxe6 fxe6
9.Be3 Nc6 10.Nd2 Ke7 11.a3 h6 12.f3 Nd7 13.Nc4 Bc5 14.Bd2 Nb6 15.Nxb6 axb6
16.Nb5 Nd4 17.Nxd4 Bxd4 18.Rb1 b5 19.Ke2 Rad8 20.Bb4+ Kf7 21.Rhd1 Bb6 22.Bc3 Bd4
23.Ba5 b6 24.Bb4 Kf6 25.c3 Bc5 26.Bxc5 bxc5 27.Rxd8 Rxd8 28.Rd1 Rxd1 29.Kxd1 c4
30.Kc2 Ke7 31.h4 g6 32.b4 Kd6 33.Kd2 Ke7 34.g3 g5 35.Ke3 Kf6 36.Kf2 gxh4
37.gxh4 Kg6 38.Kg3 Kf6 39.Kg4 Kg6 40.f4 h5+ 41.Kf3 Kf6 42.fxe5+ Kxe5 43.Ke3 c6
44.Kf3 Kf6 45.Ke3  1/2-1/2

[Event "Jurmala"]
[Site "Jurmala"]
[Date "1991.??.??"]
[Round "?"]
[White "Aleksandrov, Aleksej"]
[Black "Sokolov, Andrei"]
[Result "1/2-1/2"]
[WhiteElo "2370"]
[BlackElo "2360"]

1.d4 d6 2.e4 Nf6 3.Nc3 e5 4.Nf3 Nbd7 5.Be2 Be7 6.O-O O-O 7.Re1 Re8 8.Bf1 c6
9.a4 Bf8 10.a5 exd4 11.Nxd4 Nc5 12.f3 d5 13.e5 Nfd7 14.f4 Ne6 15.Nce2 Ndc5
16.c3 Ne4 17.Be3 Nxd4 18.Bxd4 c5 19.Be3 Be6 20.Ng3 Nxg3 21.hxg3 Qd7 22.Bf2 Red8
23.Qc2  1/2-1/2

[Event "Jurmala"]
[Site "Jurmala"]
[Date "1991.??.??"]
[Round "?"]
[White "Sokolov, Andrei"]
[Black "Bologan, Viktor"]
[Result "0-1"]
[WhiteElo "2360"]
[BlackElo "2510"]

1.e4 d6 2.d4 Nf6 3.Nc3 c6 4.f3 e5 5.dxe5 dxe5 6.Qxd8+ Kxd8 7.Bc4 Ke8 8.Bg5 Nbd7
9.Nge2 b5 10.Bd3 Nc5 11.Bxf6 gxf6 12.Ng3 Nxd3+ 13.cxd3 Rg8 14.Nd1 Be6 15.Ke2 Bc5
16.Ne3 Bd4 17.Rhb1 Rg5 18.Nc2 Bb6 19.Rc1 Kd7 20.a4 h5 21.a5 Bc5 22.Ne1 Bd4
23.Rc2 h4 24.Nf1 f5 25.exf5 Bxf5 26.Nd2 Rag8 27.Nb3 Bxb2 28.Ra2 Bd4 29.Nxd4 exd4
30.Rab2 Kd6 31.Rb4 Kd5 32.Rb1 Rxg2+  0-1

[Event "Katowice op"]
[Site "Katowice"]
[Date "1991.??.??"]
[Round "4"]
[White "Stirenkov, Veniami"]
[Black "Tseshkovsky, Vitaly"]
[Result "1/2-1/2"]
[WhiteElo "2415"]
[BlackElo "2490"]

1.e4 d6 2.d4 Nf6 3.Nc3 c6 4.f4 Qa5 5.Bd3 e5 6.Nf3 Bg4 7.Be3 exd4 8.Bxd4 Qb4
9.a3 Qxd4 10.Nxd4 Bxd1 11.Rxd1 Nbd7 12.O-O Nc5 13.b4 Nxd3 14.Rxd3 O-O-O 15.Rfd1 Re8
16.Nf5 g6 17.Nxd6+ Bxd6 18.Rxd6 Nxe4 19.Nxe4 Rxe4 20.Rd7 Re1+ 21.Kf2 Rxd1
22.Rxd1 Re8 23.Kf3 f5 24.Rd6 Re1 25.Rf6 Ra1 26.Ke3 Rxa3+ 27.Kd4 a5 28.Rf8+ Kc7
29.Rf7+ Kd6 30.bxa5 c5+ 31.Kc4 Rxa5 32.Rxb7 Ra4+ 33.Kd3 Rd4+ 34.Ke3 Re4+
35.Kf3 Rc4 36.Rxh7 Rc3+ 37.Kf2 Rxc2+ 38.Kf3 Rc3+ 39.Kf2 Rc2+ 40.Kf3 Rc3+
41.Ke2 Kd5 42.Rg7 Rc2+ 43.Kf3 c4 44.Rxg6 c3 45.Ke3 Rd2 46.Rg8 Kc4 47.Rc8+ Kb3
48.Rb8+ Ka2 49.Rf8 Rd5 50.Rc8 Kb3 51.h3 c2 52.Rb8+ Kc3 53.Rc8+ Kb2 54.Rb8+ Kc1
55.Rc8 Ra5 56.g4 Ra3+ 57.Kd4 Kd2 58.Rxc2+ Kxc2 59.gxf5 Rxh3 60.Ke5 Kd3 61.f6 Rh5+
62.Ke6 Ke4  1/2-1/2

[Event "Katowice op"]
[Site "Katowice"]
[Date "1991.??.??"]
[Round "6"]
[White "Vratonjic, Slobodan"]
[Black "Tseshkovsky, Vitaly"]
[Result "0-1"]
[WhiteElo "2375"]
[BlackElo "2490"]

1.e4 d6 2.d4 Nf6 3.Nc3 c6 4.f4 Qa5 5.Bd3 e5 6.Nf3 Bg4 7.dxe5 dxe5 8.fxe5 Nfd7
9.Bf4 Bb4 10.O-O O-O 11.Nd5 cxd5 12.exd5 g6 13.c4 Qc7 14.d6 Qb6+ 15.Kh1 Nc6
16.a3 Bxf3 17.Rxf3 Ndxe5 18.axb4 Nxf3 19.Qxf3 Qxb4 20.Rf1 Rae8 21.Bh6 Qxd6
22.Be4 Ne5 23.Qc3 Rc8 24.Bxf8 Kxf8 25.Bd5 Rc7 26.Re1 f6 27.Qe3 Kg7 28.h3 b6
29.b3 Re7 30.Qc3 a5 31.Rb1 Rc7 32.Qe1 h5 33.Rd1 Re7 34.Qf2 Qc5 35.Qf4 g5
36.Qf5 Ng6 37.Be4 Qxf5 38.Bxf5 Nh4 39.Bc8 Re3 40.Rd7+ Kg6 41.b4 axb4 42.Rd6 b3
43.Rxb6 Nf5 44.c5 Nd4 45.Bb7 g4 46.hxg4 hxg4 47.Kh2 Ne6 48.c6 Nf4 49.g3 Nd5
50.Rb5 Nc7 51.Rb6 Re2+  0-1

[Event "Katowice op"]
[Site "Katowice"]
[Date "1991.??.??"]
[Round "7"]
[White "Tseshkovsky, Vitaly"]
[Black "Titov, German"]
[Result "0-1"]
[WhiteElo "2490"]
[BlackElo "2480"]

1.e4 d6 2.d4 Nf6 3.Nc3 e5 4.Nf3 Nbd7 5.Bc4 Be7 6.O-O O-O 7.Re1 c6 8.a4 a5
9.h3 h6 10.b3 Re8 11.Bf1 Qc7 12.Bb2 Nh7 13.Ne2 Ng5 14.Ng3 g6 15.dxe5 dxe5
16.Bc4 Kg7 17.Qe2 Bf6 18.Nxg5 Bxg5 19.Rf1 Nf6 20.Rad1 h5 21.Qd3 Be6 22.Bxe6 Rxe6
23.Ne2 Kg8 24.Qc4 Rd8 25.Rd3 Rxd3 26.cxd3 Qb6 27.g3 h4 28.g4 Nd7 29.Kg2 Qc5
30.f4 Qxc4 31.bxc4 Bxf4 32.d4 Bg5 33.d5 Re8 34.Kf3 Nb6 35.c5 Nxa4 36.Ba3 cxd5
37.exd5 e4+ 38.Kg2 Be3 39.c6 bxc6 40.dxc6 Rc8 41.Rf6 Bg5 42.Rd6 Be7 43.Rd5 Bxa3
44.Rxa5 Nb6 45.Rxa3 Rxc6 46.Kf2 Nd5 47.Ra5 Rf6+ 48.Ke1 Nf4 49.g5 Ng2+ 50.Kd2 Rd6+
51.Kc1 Rd3 52.Re5 Rxh3 53.Rxe4 Rf3  0-1

[Event "Kecskemet op"]
[Site "Kecskemet"]
[Date "1991.??.??"]
[Round "3"]
[White "Safranska, Anda"]
[Black "Korniukhin, Grigory"]
[Result "1-0"]
[WhiteElo "2285"]
[BlackElo "2275"]

1.e4 d6 2.d4 Nf6 3.Nc3 c6 4.a4 Qa5 5.Bd2 e5 6.Nd5 Qd8 7.Nxf6+ Qxf6 8.Bc3 Be6
9.Nf3 Nd7 10.Qd2 Be7 11.Be2 Qg6 12.Qe3 f6 13.O-O Qf7 14.a5 g5 15.Rfd1 Kf8
16.b3 Kg7 17.Rd2 Rhd8 18.Rad1 Nf8 19.h4 h6 20.g3 Ng6 21.h5 Nf8 22.Nh2 exd4
23.Bxd4 d5 24.exd5 Rxd5 25.a6 c5 26.axb7 Rb8 27.Bc3 Rxd2 28.Rxd2 Rxb7 29.Ng4 c4
30.Bf3 Rb6 31.Bd4 Ra6 32.bxc4 Bxc4 33.Rd1 Ra2 34.Qe4 Qe6 35.Qb7 Nd7 36.Qxd7 Rxc2
37.Qxe6 Bxe6 38.Ne3 Rc7 39.Ra1 Bc5 40.Bxc5 Rxc5 41.Rxa7+ Kf8 42.g4  1-0

[Event "Kecskemet GM"]
[Site "Kecskemet"]
[Date "1991.??.??"]
[Round "6"]
[White "Borriss, Martin"]
[Black "Malaniuk, Vladimir P"]
[Result "1/2-1/2"]
[WhiteElo "2340"]
[BlackElo "2500"]

1.e4 d6 2.d4 Nf6 3.Nc3 e5 4.f3 exd4 5.Qxd4 Nc6 6.Bb5 Bd7 7.Bxc6 Bxc6 8.Be3 Be7
9.O-O-O O-O 10.Nge2 Nd7 11.Nd5 Bxd5 12.Qxd5 c6 13.Qb3 Qc7 14.Nd4 Rfe8 15.Nf5 Bf8
16.Rd2 Ne5 17.Rhd1 b5 18.Nxd6 Bxd6 19.Rxd6 Nc4 20.Rd7 Qxh2 21.Qc3 Nxe3 22.Qxe3 Qxg2
23.Rg1 Qh2 24.Rxg7+ Kxg7 25.Qg5+ Kf8 26.Qc5+ Kg8 27.Qg5+  1/2-1/2

[Event "Kecskemet Szechenyi-B"]
[Site "Kecskemet"]
[Date "1991.??.??"]
[Round "10"]
[White "Martens, Martin"]
[Black "Loeffler, Stefan"]
[Result "1-0"]
[WhiteElo "2325"]
[BlackElo "2310"]

1.e4 d6 2.d4 Nf6 3.Nc3 Nbd7 4.Nf3 e5 5.Bc4 Be7 6.O-O O-O 7.dxe5 dxe5 8.Qe2 c6
9.Bg5 b5 10.Bd3 Qc7 11.a4 b4 12.Nb1 Nc5 13.Nbd2 Rd8 14.Nc4 Ne6 15.Bh4 Nf4
16.Qe1 Nxd3 17.cxd3 Rxd3 18.Nfxe5 Rd4 19.f3 Bd6 20.Nxd6 Qxd6 21.Bg3 Ba6 22.Ng4 Qd8
23.Nxf6+ Qxf6 24.Rf2 Rad8 25.h4 c5 26.Kh2 Bc4 27.Rc1 Qa6 28.Rfc2 b3 29.Rc3 Be6
30.Rxc5 Qxa4 31.Be5 Rd3 32.Qg3 f6 33.Bxf6 R8d7 34.Rc8+  1-0

[Event "Kerteminde"]
[Site "Kerteminde"]
[Date "1991.??.??"]
[Round "1"]
[White "Mortensen, Erling"]
[Black "Jansa, Vlastimil"]
[Result "1-0"]
[WhiteElo "2450"]
[BlackElo "2495"]

1.e4 d6 2.d4 Nf6 3.Nc3 c6 4.f4 Qa5 5.Bd3 e5 6.dxe5 dxe5 7.f5 b5 8.Qe2 Ba6
9.Bd2 b4 10.Nd1 Bxd3 11.cxd3 Nbd7 12.Nf3 Bc5 13.Ne3 Bxe3 14.Bxe3 O-O 15.Nd2 Rad8
16.Nb3 Qb5 17.g4 a5 18.g5 Ne8 19.Rc1 Nc7 20.Qc2 a4 21.Nd2 Na6 22.Qc4 Qxc4
23.Rxc4 c5 24.Ke2 Rc8 25.h4 Rc6 26.h5 Rd8 27.Rcc1 Nc7 28.a3 Rb8 29.Rc4 Na6
30.Rhc1 Kf8 31.axb4 Rxb4 32.Rxb4 Nxb4 33.Rc4 Rd6 34.Rxc5 Nxd3 35.Rc8+ Ke7
36.Nc4 Nxb2 37.Nxb2 a3 38.Nd3 Ra6 39.Rc1 a2 40.Ra1 h6 41.Nb4 Ra4 42.Nd5+ Ke8
43.f6 Kf8 44.Nc3 Ra3 45.Rxa2 Rxa2+ 46.Nxa2 hxg5 47.fxg7+ Kxg7 48.Bxg5 Nc5
49.Kf3 Ne6 50.Kg4  1-0

[Event "URS-ch U26"]
[Site "Kherson"]
[Date "1991.??.??"]
[Round "?"]
[White "Aleksandrov, Aleksej"]
[Black "Sakaev, Konstantin"]
[Result "1-0"]
[WhiteElo "2370"]
[BlackElo "2450"]

1.d4 d6 2.e4 Nf6 3.Nc3 c6 4.Nf3 Bg4 5.h3 Bh5 6.Qe2 e6 7.Bf4 Be7 8.g4 Bg6
9.Bg2 d5 10.exd5 Nxd5 11.Nxd5 Qxd5 12.Nh4 Qa5+ 13.Bd2 Qa6 14.Nxg6 Qxe2+ 15.Kxe2 hxg6
16.b4 Nd7 17.a4 O-O-O 18.b5 c5 19.dxc5 Bxc5 20.a5 Kb8 21.a6 b6 22.Rhd1 Kc7
23.Ra4 Bd6 24.Rc4+ Nc5 25.Bc3 f6 26.g5 e5 27.Rd5 fxg5 28.Kf1 Rhf8 29.Rxe5 Bxe5
30.Bxe5+ Kd7 31.Bxg7 Rf4 32.Rc3 Ke6 33.Re3+ Kf7 34.Be5 Rb4 35.Bc6 Rd1+ 36.Ke2 Rbb1
37.Bb8 Ne6 38.Rxe6 Kxe6 39.Bxa7 Rdc1 40.Kd2 Rd1+ 41.Ke3 Rdc1 42.Kd2 Rd1+
43.Kc3 Rd6 44.Bb8 Ra1 45.Bxd6 Kxd6 46.Kd4 Rd1+ 47.Ke4 Re1+ 48.Kf3 Ra1 49.c4 Kc5
50.Bd5 Kd4 51.Bf7 Rh1 52.Be6 Rg1 53.Bg8 Ra1 54.Bd5 Kc5 55.Bf7 Rh1 56.Ke4 Rxh3
57.Bd5 Ra3 58.Ke5 g4 59.Kf4 Ra1 60.Kxg4  1-0

[Event "Kobanya op"]
[Site "Kobanya"]
[Date "1991.??.??"]
[Round "2"]
[White "Rovid, Kalman"]
[Black "Okhotnik, Vladimir"]
[Result "1-0"]
[WhiteElo "2290"]
[BlackElo "2425"]

1.e4 d6 2.d4 Nf6 3.Nc3 c6 4.Be2 g6 5.Nf3 Bg7 6.O-O O-O 7.a4 Qc7 8.h3 Nbd7
9.Be3 e5 10.dxe5 Nxe5 11.Nxe5 dxe5 12.Qc1 Re8 13.Rd1 a5 14.Bc5 b6 15.Bd6 Qa7
16.Qe3 Ba6 17.Bxa6 Qxa6 18.Bc7 Qb7 19.Qxb6 Qxb6 20.Bxb6 Reb8 21.Bc7 Rxb2
22.Rd8+ Rxd8 23.Bxd8 Rxc2 24.Bxa5 Bf8 25.f3 Bc5+ 26.Kh2 Bd4 27.Ra2 Rxa2 28.Nxa2 Nd7
29.Nb4 Nb8 30.g3 c5 31.Nd5 c4 32.Kg2 Kg7 33.Kf1 Nc6 34.Bc7 f6 35.a5 Kf7 36.Ke2 Ke6
37.a6 f5 38.Nb6 c3 39.Nd5 Kd7 40.Bb6 Kc8 41.Kd3 Kb8 42.g4 Bxb6 43.Nxb6 c2
44.Kxc2 f4 45.Kc3 Kc7 46.Nd5+ Kb8 47.Kc4 Nd4 48.Nxf4 Nxf3 49.Nd3 h5 50.Kd5 Ng5
51.Nf2 Nf3 52.Ke6 Ka7 53.Kf6 hxg4 54.hxg4 g5 55.Nd3 Kxa6 56.Nxe5 Nd2 57.Kf5 Kb6
58.Nf7 Kc7 59.Nxg5 Kd8 60.Kf6 Ke8 61.e5 Nc4 62.Ne4 Nb6 63.Ke6 Kf8 64.Nd6 Kg7
65.Nf5+ Kg6 66.Ne3 Kg5 67.Kd6 Nc8+ 68.Kd7 Nb6+ 69.Kc7 Na4 70.e6 Kf6 71.Kd6  1-0

[Event "Krumbach op"]
[Site "Krumbach"]
[Date "1991.??.??"]
[Round "2"]
[White "Ehrler, Eberhard"]
[Black "Von Gleich, Alexander"]
[Result "1/2-1/2"]
[WhiteElo "2220"]
[BlackElo "2315"]

1.e4 d6 2.d4 Nf6 3.Nc3 e5 4.Nf3 Nbd7 5.Bc4 Be7 6.O-O O-O 7.Qe2 c6 8.a4 exd4
9.Nxd4 Re8 10.Ba2 Bf8 11.Qf3 Ne5 12.Qd1 Ng6 13.Re1 Qa5 14.f4 d5 15.exd5 Rxe1+
16.Qxe1 Bc5 17.Be3 Ng4 18.Nb3 Nxe3 19.Nxa5 Nxc2+ 20.Kh1 Nxe1 21.Rxe1 Kf8
22.dxc6 bxc6 23.Nxc6 Nxf4 24.Nd5 Nd3 25.Rf1 Nf2+ 26.Kg1 Ng4+ 27.Kh1 Nf2+
28.Kg1 Ng4+ 29.Kh1 Ba6 30.Rb1 Nf2+ 31.Kg1 Ng4+ 32.Kh1 Rc8 33.b4 Bf2 34.b5 Bb7
35.h3 Ne3 36.Nxe3 Bxe3 37.Bd5 Bb6 38.Rf1 f6 39.Re1 Re8 40.Rxe8+ Kxe8 41.Be6 g6
42.g4 a6 43.Kg2 axb5 44.axb5 Kf8 45.Kf3 Kg7 46.Ke4 Kh6 47.Kf3 Kg5 48.Bd7 Kh4
49.Kg2 Bc7 50.Be6 Kg5 51.Kf3 h6 52.Bd7 Bb6 53.Be6 f5 54.gxf5 gxf5 55.Bd7 Kf6
56.Kf4 Bc7+ 57.Kf3 Bd6 58.Kg2 Kg5 59.Kf3 Kf6  1/2-1/2

[Event "Krumbach op"]
[Site "Krumbach"]
[Date "1991.??.??"]
[Round "4"]
[White "Thiel, Thomas"]
[Black "Tseitlin, Mikhail S"]
[Result "1-0"]
[WhiteElo "2220"]
[BlackElo "2490"]

1.e4 d6 2.d4 Nf6 3.Nc3 c6 4.f4 Qa5 5.Bd3 e5 6.Nf3 Nbd7 7.Be3 Be7 8.O-O O-O
9.Qe1 Bd8 10.h3 Bb6 11.a3 exf4 12.e5 Bd8 13.b4 Qb6 14.exf6 fxe3 15.Bxh7+ Kh8
16.Qh4 Bxf6 17.Qh5 Rd8 18.Bg6+ Kg8 19.Bxf7+ Kf8 20.Be6 Ne5 21.dxe5 e2+ 22.Rf2 Bxe6
23.exf6 gxf6 24.Qh8+  1-0

[Event "Krumbach op"]
[Site "Krumbach"]
[Date "1991.??.??"]
[Round "4"]
[White "Schlenker, Jochen"]
[Black "Von Gleich, Alexander"]
[Result "0-1"]
[WhiteElo "2245"]
[BlackElo "2315"]

1.e4 d6 2.d4 Nf6 3.Nc3 e5 4.f3 exd4 5.Qxd4 Nc6 6.Bb5 Be7 7.Nd5 Bd7 8.Bxc6 bxc6
9.Nxe7 c5 10.Qc3 Qxe7 11.Ne2 h6 12.Be3 O-O 13.O-O-O Rfe8 14.g4 Nxe4 15.fxe4 Qxe4
16.Kd2 Bxg4 17.Rhe1 Re5 18.h3 Bh5 19.Ra1 Rd5+ 20.Kc1 Re8  0-1

[Event "Krumbach op"]
[Site "Krumbach"]
[Date "1991.??.??"]
[Round "8"]
[White "Carstens, Andreas"]
[Black "Von Gleich, Alexander"]
[Result "1-0"]
[WhiteElo "2375"]
[BlackElo "2315"]

1.e4 d6 2.d4 Nf6 3.Nc3 e5 4.dxe5 dxe5 5.Qxd8+ Kxd8 6.Bg5 Be6 7.O-O-O+ Nd7
8.f4 exf4 9.Nf3 Kc8 10.Bxf4 Bb4 11.Nb5 Ba5 12.Bd3 Ng4 13.Rhf1 h6 14.h4 Bb6
15.Nbd4 Re8 16.Rde1 a5 17.Nxe6 fxe6 18.e5 a4 19.Bg6 Rf8 20.g3 Ra5 21.Bd2 Rb5
22.Bd3 Rd5 23.Bc4 c6 24.Bxd5 cxd5 25.Bf4 Rf5 26.c3 Nf2 27.Kc2 Ne4 28.Nd4 Bxd4
29.cxd4 h5 30.Kd3 Nb8 31.Rxe4 dxe4+ 32.Kxe4 g6 33.Rc1+ Kd7 34.Rc4 Na6 35.Rxa4 Kc6
36.Rc4+ Kb5 37.Rc8 Nb4 38.Re8  1-0

[Event "URS-JUG U20"]
[Site "Leningrad"]
[Date "1991.??.??"]
[Round "?"]
[White "Burovic, Ismet"]
[Black "Kramnik, Vladimir"]
[Result "1-0"]
[WhiteElo "2375"]
[BlackElo "2480"]

1.e4 d6 2.d4 Nf6 3.Nc3 c6 4.f4 Qa5 5.Bd2 e5 6.Nd5 Qd8 7.Nxf6+ Qxf6 8.dxe5 dxe5
9.Nf3 exf4 10.e5 Qg6 11.Bd3 Qxg2 12.Rg1 Qh3 13.Bxf4 Bg4 14.Rg3 Qh5 15.Be2 Nd7
16.e6 Bxe6 17.Ng5 Qxh2 18.Qxd7+ Bxd7 19.Re3+ Be7 20.Bxh2 Kf8 21.Ne4 Be6 22.Nd6 Rd8
23.Rd1 Rd7 24.Bc4 Bg4 25.Rdd3 b5 26.Bb3 Bh5 27.Nc8 Rxd3 28.Rxd3 Bg4 29.Nxa7 Bf5
30.Rf3 g6 31.Nxc6 Bh4+ 32.Kf1 Bf6 33.Be5 Bxe5 34.Nxe5 Ke7 35.Nxf7 Rf8 36.Re3+ Kf6
37.Nd6  1-0

[Event "Lenk"]
[Site "Lenk"]
[Date "1991.??.??"]
[Round "5"]
[White "Blatny, Pavel"]
[Black "Shvidler, Eliahu"]
[Result "0-1"]
[WhiteElo "2495"]
[BlackElo "2425"]

1.e4 d6 2.d4 Nf6 3.Nc3 c6 4.Nf3 Bg4 5.a4 e6 6.h3 Bh5 7.Bd3 Be7 8.Be3 d5 9.e5 Nfd7
10.Ne2 Bxf3 11.gxf3 c5 12.c3 Nc6 13.f4 g6 14.dxc5 Bxc5 15.h4 Qb6 16.a5 Nxa5
17.Rxa5 Bxe3 18.Rb5 Bxf2+ 19.Kf1 Qe3 20.Kg2 a6 21.Rxb7 Rb8 22.Rxb8+ Nxb8
23.Qa4+ Ke7 24.Rf1 Rd8 25.Bxa6 Nxa6 26.Rxf2 Nc5 27.Qd4 Qe4+ 28.Qxe4 Nxe4
29.Rf3 Ra8 30.Nc1 Ra1 31.Rf1 Nc5 32.Re1 Na4 33.b4 Nxc3 34.Nd3 Ra3 35.Nc5 d4
36.Ne4 Rb3 37.Nd6 d3 38.Ra1 d2 39.Ra7+ Kd8 40.Nb7+ Kc8 41.Nd6+ Kb8  0-1

[Event "Lenk op"]
[Site "Lenk"]
[Date "1991.??.??"]
[Round "8"]
[White "Uhoda, Philippe"]
[Black "Barbero, Gerardo F"]
[Result "1-0"]
[WhiteElo "2205"]
[BlackElo "2495"]

1.d4 d6 2.e4 Nf6 3.Nc3 c6 4.f4 Qa5 5.Bd3 e5 6.Nf3 Bg4 7.Be3 Nbd7 8.Qd2 Bxf3
9.gxf3 g6 10.O-O-O O-O-O 11.Kb1 Be7 12.Nd5 Nxd5 13.Qxa5 Nxe3 14.fxe5 dxe5
15.Rde1 exd4 16.c3 Ng2 17.Rd1 Ne3 18.Rd2 Nc5 19.cxd4 Rxd4 20.Be2 Rxd2 21.Qxd2 Ng2
22.Bc4 Nh4 23.Qf4 f5 24.Qe5 Re8 25.Be6+  1-0

[Event "ESP-chT"]
[Site "Linares"]
[Date "1991.??.??"]
[Round "2"]
[White "Magem Badals, Jorge"]
[Black "Rivas Pastor, Manuel"]
[Result "0-1"]
[WhiteElo "2485"]
[BlackElo "2450"]

1.e4 d6 2.d4 Nf6 3.Nc3 c6 4.Nf3 Bg4 5.Be3 e6 6.h3 Bh5 7.Be2 Be7 8.O-O O-O
9.Nd2 Bxe2 10.Nxe2 Na6 11.c4 d5 12.e5 Nd7 13.cxd5 cxd5 14.Rc1 Rc8 15.Rxc8 Qxc8
16.Nf4 Nb4 17.Qg4 Nxa2 18.Ra1 Nb4 19.Rxa7 Re8 20.Nf3 Nf8 21.Nh5 Ng6 22.Ra3 Qc2
23.Ra7 Rb8 24.Ng5 Bxg5 25.Qxg5 Qd1+ 26.Kh2 h6 27.Qg4 Qxg4 28.hxg4 Na6 29.g5 hxg5
30.Bxg5 Kf8 31.g4 Ne7 32.Bxe7+ Kxe7 33.b4 Nxb4 34.Ra4 Nc6 35.Kg3 b5 36.Ra6 Nxd4
37.Nxg7 b4 38.Ra2 b3 39.Rb2 Rc8 40.Nh5 Rc2 41.Rb1 Ne2+ 42.Kg2 b2  0-1

[Event "ESP-ch"]
[Site "Lleida"]
[Date "1991.??.??"]
[Round "9"]
[White "Rodriguez Vargas, Orestes"]
[Black "Rivas Pastor, Manuel"]
[Result "1/2-1/2"]
[WhiteElo "2460"]
[BlackElo "2450"]

1.d4 d6 2.e4 Nf6 3.Nc3 c6 4.Nf3 Bg4 5.Be2 e6 6.O-O Be7 7.h3 Bh5 8.Be3 O-O
9.Nd2 Bxe2 10.Qxe2 d5 11.e5 Nfd7 12.f4  1/2-1/2